The noble scholar, jurist, historian


 His Excellency Dr. Abdul Wahhab bin Ibrahim Abu Sulaiman, may Allah have mercy on him.


 He was born in Umm Al-Qura in the year 1356 AH.

من أنقولا إلى الرأس الأخضر : (Record no. 4779)

MARC details
000 -LEADER
fixed length control field 02145cam a22003491i 4500
003 - CONTROL NUMBER IDENTIFIER
control field SA-RiAUC
005 - DATE AND TIME OF LATEST TRANSACTION
control field 20250114124158.0
008 - FIXED-LENGTH DATA ELEMENTS--GENERAL INFORMATION
fixed length control field 250112s1995 su o g 00000dara c
020 ## - INTERNATIONAL STANDARD BOOK NUMBER
International Standard Book Number 9960785181
040 ## - CATALOGING SOURCE
Original cataloging agency SA-JeALM
Language of cataloging ara
Transcribing agency SA-RiAUC
Modifying agency KAC
Description conventions rda
043 ## - GEOGRAPHIC AREA CODE
Geographic area code f-ao---
050 #4 - LIBRARY OF CONGRESS CALL NUMBER
Item number .A23 1995
082 04 - DEWEY DECIMAL CLASSIFICATION NUMBER
Classification number 916.7304
Assigning agency SA-RiAUC
090 ## - LOCALLY ASSIGNED LC-TYPE CALL NUMBER (OCLC); LOCAL CALL NUMBER (RLIN)
Classification number (OCLC) (R) ; Classification number, CALL (RLIN) (NR) 916.7304
Local cutter number (OCLC) ; Book number/undivided call number, CALL (RLIN) ع ب و
100 1# - MAIN ENTRY--PERSONAL NAME
Personal name العبودي، محمد بن ناصر،
Dates associated with a name 1345-1443 هجري
Relator term مؤلف.
245 10 - TITLE STATEMENT
Title من أنقولا إلى الرأس الأخضر :
Remainder of title رحلة وحديث عن الإسلام /
Statement of responsibility, etc. محمد بن ناصر العبودي.
250 ## - EDITION STATEMENT
Edition statement الطبعة الأولى.
264 #1 - PRODUCTION, PUBLICATION, DISTRIBUTION, MANUFACTURE, AND COPYRIGHT NOTICE
Place of production, publication, distribution, manufacture الرياض :
Name of producer, publisher, distributor, manufacturer محمد بن ناصر بن عبد الرحمن العبودي،
Date of production, publication, distribution, manufacture, or copyright notice 1995
300 ## - PHYSICAL DESCRIPTION
Extent 237 صفحة :
Other physical details صور ؛
Dimensions 24 سم
336 ## - CONTENT TYPE
Content type term نص
Content type code txt
Source rdacontent
Materials specified كتاب
337 ## - MEDIA TYPE
Media type term بدون وسيط
Media type code n
Source rdamedia
338 ## - CARRIER TYPE
Carrier type term مجلد
Carrier type code nc
Source rdacarrier
500 ## - GENERAL NOTE
General note إهداء من المؤلف محمد بن ناصر العبودي بتاريخ 1419/5/23 هـ
520 ## - SUMMARY, ETC.
Summary, etc. يتناول كتاب (من أنقولا إلى الرأس الأخضر : رحلة وحديث عن الإسلام) والذي قام بتأليفه (محمد بن ناصر العبودي) ويقع في حوالي (237) صفحة من القطع المتوسط موضوع (رحلة محمد بن ناصر العبودي إلى أنجولا) مستعرضا أبرز المحتويات التالية : القسم الأول : أنقولا، موقع أنقولا، المسلمون في أنقولا، عدد المسلمين، احتياج المسلمين، وماذا عن الدعاة ؟، الطريق إلى أنقولا، مكتب رابطة العالم الإسلامي.
600 17 - SUBJECT ADDED ENTRY--PERSONAL NAME
Personal name العبودي، محمد بن ناصر،
Dates associated with a name 1345-1443 هجري
General subdivision رحلات
Geographic subdivision أنجولا
Source of heading or term aucnm
650 #7 - SUBJECT ADDED ENTRY--TOPICAL TERM
Topical term or geographic name entry element المسلمون
Geographic subdivision أنجولا
Source of heading or term aucsh
650 #7 - SUBJECT ADDED ENTRY--TOPICAL TERM
Topical term or geographic name entry element الإسلام
Geographic subdivision أنجولا
Source of heading or term aucsh
651 #7 - SUBJECT ADDED ENTRY--GEOGRAPHIC NAME
Geographic name أنجولا
General subdivision وصف ورحلات
Source of heading or term aucsh
653 ## - INDEX TERM--UNCONTROLLED
Uncontrolled term جغرافيا ورحلات.
942 ## - ADDED ENTRY ELEMENTS (KOHA)
Source of classification or shelving scheme Dewey Decimal Classification
Koha item type Books
Suppress in OPAC No
949 ## - LOCAL PROCESSING INFORMATION (OCLC)
a SA-JeALM
d 250112
u mohamedma123
n 1
Holdings
Withdrawn status Lost status Source of classification or shelving scheme Damaged status Not for loan Home library Current library Date acquired Total checkouts Full call number Barcode Date last seen Price effective from Koha item type
    Dewey Decimal Classification     DR AbdElwahab Library DR AbdElwahab Library 01/14/2025   916.7304 ع ب و 000007549 01/14/2025 01/14/2025 Books